| 000 | 01329nam a22003617a 4500 | ||
|---|---|---|---|
| 003 | CHAP | ||
| 005 | 20220817044217.0 | ||
| 008 | 080423d2007 mx r 00110 spa d | ||
| 010 | _a94732 | ||
| 011 | _a95704 | ||
| 035 | _a106333 | ||
| 040 | _cCHAP | ||
| 090 | _aTesis | ||
| 100 | 1 |
_aSalgado Gama, Yajaira Catalina _9101584 |
|
| 245 | 1 | 0 |
_aComparación de la composición química de ingredientes alternativos utilizables en la alimentación animal _c/por Yajaira Catalina Salgado Gama |
| 260 |
_aCocula, Gro. : _bEl autor, _c2007 |
||
| 300 |
_a85 h. : _bilus. ; gráfs. ; cuadros |
||
| 502 | _aTesis (Ing. Agr. Zootecnista) -- Colegio Superior Agropecuario del Estado de Guerrero. Centro de Estudios Profesionales | ||
| 590 |
_aALEPH _b10 _c20130110 _lUCH01 _h1522 |
||
| 590 |
_aBATCH-UPD _b10 _c20130110 _lUCH01 _h1124 |
||
| 590 |
_aBATCH-UPD _b10 _c20130410 _lUCH01 _h0714 |
||
| 590 |
_aBATCH-UPD _b10 _c20130914 _lUCH01 _h0915 |
||
| 590 |
_aCONVERSION _b10 _c20130109 _lUCH01 _h1352 |
||
| 650 | 1 | 4 |
_aAlimentos y alimentacion del ganado. _94326 |
| 650 | 1 | 4 |
_aCereales. _921370 |
| 650 | 1 | 4 |
_aJamaica. _960987 |
| 650 | 1 | 4 |
_aMaíz _xAnálisis. _970861 |
| 650 | 1 | 4 | _aNutrición animal. |
| 650 | 1 | 4 |
_aSoya. _9109013 |
| 901 | _aBK | ||
| 942 | _cTESIS | ||
| 949 |
_aTesis _bBC _cTES _d33724002040975 _eTS1 _gDonaciØn _h47636 _i106333 _sb |
||
| 999 |
_c94732 _d94732 |
||